000 00552nam a2200169 4500
999 _c14714
_d14714
008 191112b ||||| |||| 00| 0 eng d
020 _a978-1-98462-323-2
082 _22019
_aDC 647.94068
_bH797
245 _aHotel and restaurant design/
260 _aNew York, NY :
_b3G E-Learning ,
_c©2019
300 _ax, 282 pages :
_bcolor illustrations ;
_c26 cm
500 _aIncludes index.
650 _aHotels -- Design and construction.
_940565
650 _aRestaurants -- Design and construction.
_940566
365 _b5,295.00
_cPhp
942 _2ddc
_cDC